=LDR 00000nam 2200000 4500 =001 INLIS000000000002474 =005 20130612090816 =008 ***********************************Ind** =035 ##$$0010-061300000002474 =041 ##$$a Ind =082 ##$$a 616.895 =090 ##$$a 616.895, Kel g =100 ##$$a Keliat, Budi Anna =245 ##$$a Gangguan kongnitif, Budi Anna Keliat; Editor,Rianti Bhaktiyani =260 ##$$a 1991 $b Jakarta =300 ##$$a 26 hlm, 18 cm =650 ##$$a Kongnitif =700 ##$$a Bhaktiyani, Rianti =850 ##$$a NBPNMAT